000 00319nam a2200133Ia 4500
005 20251222152014.0
008 251222s9999||||xx |||||||||||||| ||spa||
020 _a978-84-8476-367-3
082 _a634.44/G14
100 _a"Galán Saúco, Víctor"
245 0 _aEl cultivo del mango
250 _a2a.ed.
942 _cLIB
999 _c25026
_d25026